| 000 | 00520nam a22001697a 4500 | ||
|---|---|---|---|
| 999 |
_c8736 _d8736 |
||
| 008 | 201211b ||||| |||| 00| 0 eng d | ||
| 040 | _aBMS College of Architecture | ||
| 100 | _aLaxman, Raaghav | ||
| 245 | _aNatural history museum Bangalore | ||
| 300 | _a32p. | ||
| 500 | _a1BM11AT047 | ||
| 502 |
_8B,Arch _NBMS College of Architecture, Visvesvaraya Technological University (VTU) _aProject report _d2015 |
||
| 650 | _aHistory | ||
| 700 |
_aBhaghyalaxmi M _eGuide |
||
| 700 |
_aMadhuri Rao _eGuide |
||
| 942 |
_2ddc _cTHE |
||